000 01444nam a2200385 4500
001 177812
003 ES-MaACL
005 20230906220423.0
008 110427s2009 sp acfo |||| |dspa d
017 _aV-3149-2008
020 _a9788493584368
080 _a791.43(485)(0:76)(083.824)
080 _a766.036(485)(083.824)
080 _a791.43(489)(0:76)(083.824)
080 _a766.036(489)(083.824)
245 0 0 _aCinematografías
_b: el cartel de cine en Suecia y Dinamarca, 1915-1942 : Colección Benito Medela-Piquepé /
_c[textos, Carlos Pérez, Elo Sjøgren, Mercè Ibarz].
250 _a2ª impr.
260 _a[Beniparrell, Valencia] :
_bPentagraf,
_c2009.
300 _a278 p. :
_bprincipalmente il. col. y n., fot. ;
_c30 cm.
546 _aTexto en español e inglés.
600 1 7 _aMedela, Benito-
_xColecciones de carteles-
_vExposiciones.
_9146299
650 7 _aCarteles de cine-
_zSuecia.
_9146300
650 4 _aCarteles de cine-
_zDinamarca.
_9146301
650 4 _aCarteles de cine-
_vExposiciones.
_9146302
655 7 _2tgfbne
_9193628
_aCatálogos de exposiciones
700 1 _aPérez, Carles.
_9146303
700 1 _aSjøgren, Elo.
_9146304
700 1 _aIbarz, Mercè.
_9146305
700 1 _aMedela, Benito.
_9146306
852 _aES-MaACL
_9R.145519
_jA-11101
_dOlim:N-4106
_cDEPO1
903 _ednr
942 _2udc
_cMONOGRAFIA
999 _c177812
_d177812